Perspektíva Východného partnerstva diplomová práca

Enregistré dans:
Détails bibliographiques
Auteur principal: Polková, Zuzana
Collectivité auteur: Obchodná fakulta EU. Katedra medzinárodného obchodu
Autres auteurs: Čiderová, Denisa, 1977-
Format: Livre
Langue:slovaque
Publié: Bratislava 2014
Tags: Ajouter un tag
Pas de tags, Soyez le premier à ajouter un tag!

MARC

LEADER 00000nbm a2200000 4500
001 0185978
005 20170201094225.2
041 0 |a slo 
044 |a SK 
245 1 0 |a Perspektíva Východného partnerstva  |b diplomová práca  |c Zuzana Polková ; školiteľ: Denisa Čiderová 
264 1 |a Bratislava  |c 2014 
300 |a 120 s. 
100 1 |a Polková, Zuzana 
700 1 |a Čiderová, Denisa, 1977- 
710 2 |a Obchodná fakulta EU. Katedra medzinárodného obchodu